Statistics for 2D and 3D videogames featuring Sonic

Click here to take the quiz!

General Stats

  • This quiz has been taken 19 times
  • The average score is 11 of 32

Answer Stats

HintAnswer% Correct
1991Sonic The Hedgehog
100%
2006Sonic The Hedgehog (Remastered)
67%
1998Sonic Adventure
61%
1992Sonic The Hedgehog 2
61%
1994Sonic The Hedgehog 3
61%
2001Sonic Adventure 2
56%
2010Sonic Colors
56%
2022Sonic Frontiers
56%
1994Sonic And Knuckles
50%
2017Sonic Forces
50%
2011Sonic Generations
44%
2003Sonic Heroes
44%
2013Sonic Lost World
44%
2005Shadow The Hedgehog
39%
2017Sonic Mania
39%
2008Sonic Unleashed
39%
2009Sonic And The Black Knight
28%
2007Sonic And The Secret Rings
28%
2005Sonic Rush
28%
1996Sonic 3D Blast
22%
2001Sonic Advance
22%
2002Sonic Advance 2
22%
2004Sonic Advance 3
22%
1996Sonic Blast
22%
2007Sonic Rush Adventure
22%
1993Sonic The Hedgehog CD
17%
1994Sonic Triple Trouble
17%
1993Sonic Chaos
11%
1999Sonic The Hedgehog Pocket Adventure
11%
1995Knuckles' Chaotix
6%
2010Sonic The Hedgehog 4 Episode 1
0%
2012Sonic The Hedgehog 4 Episode 2
0%

Score Distribution

Percentile by Number Answered

Percent of People with Each Score

Your Score History

You have not taken this quiz